|
|
|
|
| LEADER |
00801nam a22002412i 4500 |
| 001 |
000107598 |
| 003 |
CZ BrMZK |
| 005 |
20160322111527.0 |
| 007 |
ta |
| 008 |
950101s1951 xo af f slo d |
| 040 |
|
|
|a BOA001
|b cze
|e rda
|
| 041 |
1 |
|
|a slo
|h ger
|
| 100 |
1 |
|
|a Brecht, Bertolt,
|d 1898-1956
|7 jn19990001059
|4 aut
|
| 245 |
1 |
0 |
|a Trojgrošový román /
|c Bertolt Brecht ; z německého originálu preložil Ján Polanský
|
| 264 |
|
1 |
|a Bratislava :
|b Práca,
|c 1951
|
| 300 |
|
|
|a 436 stran, obrazová příloha :
|b ilustrace
|
| 336 |
|
|
|a text
|b txt
|2 rdacontent
|
| 337 |
|
|
|a bez média
|b n
|2 rdamedia
|
| 338 |
|
|
|a svazek
|b nc
|2 rdacarrier
|
| 910 |
|
|
|a BOA001
|b 2-0270.145
|
| 990 |
|
|
|a BK
|
| 991 |
|
|
|b 201509
|
| 996 |
7 |
|
|b 2619997868
|c 2-0270.145
|l MZK
|r Sklad / do 24 hodin
|n 2
|w 000107598
|u 000010
|a 1
|e BOA001
|j MZK50
|s A
|